Acción educativa y asistencial de la Diputación Provincial de Valladolid: 1812-1900
Պահպանված է:
| Հիմնական հեղինակ: | |
|---|---|
| Ձևաչափ: | Գիրք |
| Լեզու: | իսպաներեն |
| Հրապարակվել է: |
Valladolid
Provincial
2005
|
| Խորագրեր: | |
| Ցուցիչներ: |
Ավելացրեք ցուցիչ
Չկան պիտակներ, Եղեք առաջինը, ով նշում է այս գրառումը!
|
MARC
| LEADER | 00000cam a2200000 a 4500 | ||
|---|---|---|---|
| 001 | UCG8799 | ||
| 003 | CL-VaPUC | ||
| 008 | 111229e20050000SP |||||||||||||||||spa|d | ||
| 020 | |a 8478521690 | ||
| 082 | 0 | 4 | |a 379.26 |b CAN |2 21 |
| 100 | 0 | |a Cano González, Rufino |e author |9 559971 | |
| 245 | 1 | 0 | |a Acción educativa y asistencial de la Diputación Provincial de Valladolid: 1812-1900 |
| 300 | |a 391 p | ||
| 942 | |c BK | ||
| 945 | |d 20111229 00:00:00 |a dcastane | ||
| 260 | |a Valladolid |b Provincial |c 2005 | ||
| 650 | 7 | |a POLITICAS EDUCACIONALES |2 CL-VaPUC |9 559972 | |
| 650 | 0 | |a Estado y educación |9 311264 | |
| 650 | 7 | |a EDUCACION COMPARADA |2 CL-VaPUC |9 307694 | |
| 651 | 0 | |a España |9 254926 | |
| 583 | |a last modification |c 20111229 10:48:00 |k Rodrigo Vera | ||
| 999 | |c 346393 |d 346391 | ||
| 952 | |0 0 |1 0 |4 0 |6 379_260000000000000_CAN_2005 |7 0 |8 A |9 447076 |a BIBHIS |b BIBHIS |d 2019-11-22 |i 4819438 |o 379.26 CAN 2005 |p 4819438 |r 2025-01-20 |w 2019-11-22 |y BK |k HIS | ||